Turning points (Record no. 13064)
[ view plain ]
| 000 -LEADER | |
|---|---|
| fixed length control field | 00496nam a22002057a 4500 |
| 003 - CONTROL NUMBER IDENTIFIER | |
| control field | mut |
| 005 - DATE AND TIME OF LATEST TRANSACTION | |
| control field | 20240606081241.0 |
| 008 - FIXED-LENGTH DATA ELEMENTS--GENERAL INFORMATION | |
| fixed length control field | 171009b xxu||||| |||| 00| 0 eng d |
| 020 ## - INTERNATIONAL STANDARD BOOK NUMBER | |
| International Standard Book Number | 0176039473 |
| 040 ## - CATALOGING SOURCE | |
| Transcribing agency | mut |
| 050 ## - LIBRARY OF CONGRESS CALL NUMBER | |
| Classification number | PE 1121 |
| Item number | .T87 1993 |
| 100 ## - MAIN ENTRY--PERSONAL NAME | |
| Personal name | Barry, James |
| 245 ## - TITLE STATEMENT | |
| Title | Turning points |
| 260 ## - PUBLICATION, DISTRIBUTION, ETC. | |
| Place of publication, distribution, etc. | Ontario |
| Name of publisher, distributor, etc. | Nelson |
| Date of publication, distribution, etc. | 1993 |
| 650 ## - SUBJECT ADDED ENTRY--TOPICAL TERM | |
| Topical term or geographic name entry element | Readers |
| Chronological subdivision | 1950 |
| 650 ## - SUBJECT ADDED ENTRY--TOPICAL TERM | |
| Topical term or geographic name entry element | Readers |
| General subdivision | (Secondary) |
| 700 ## - ADDED ENTRY--PERSONAL NAME | |
| Personal name | McClymont, Christine |
| 700 ## - ADDED ENTRY--PERSONAL NAME | |
| Personal name | Huser, Glen |
| 942 ## - ADDED ENTRY ELEMENTS (KOHA) | |
| Source of classification or shelving scheme | Library of Congress Classification |
| Koha item type | Books |
| Withdrawn status | Lost status | Source of classification or shelving scheme | Damaged status | Not for loan | Home library | Current library | Shelving location | Date acquired | Source of acquisition | Total checkouts | Full call number | Barcode | Date last seen | Price effective from | Koha item type |
|---|---|---|---|---|---|---|---|---|---|---|---|---|---|---|---|
| Library of Congress Classification | Murang'a University of Technology Library | Murang'a University of Technology Library | General stacks | 09/10/2017 | Donation-TFC | PE 1121 .T87 1993 | 014878 | 30/08/2024 | 09/10/2017 | Books |